00767nam a2200241Ia 4500003000400000005001700004008004100021020001800062040001800080041000800098082002100106100002000127245008500147250001600232260005600248300002500304650002600329650004400355650004500399650004100444650002100485700001900506OSt20220106193759.0210716s2011 xx 000 0 und d a9789325982390 cAIMIT LIBRARY aeng a001.42 22bCHAD aChawla, Deepak. aResearch methodology: bConcepts and cases /cby Deepak Chawla and Neena Sondhi. a2nd. ed . - aNew Delhi:bVikas Publishing House Pvt Ltd,c2011. axxx,789p. ; 27.5 cm. aResearch Methodology. aDevelopment of the Research hypotheses. aQuantitative Methods of Data Collection. aCorrelation and Regression Analysis. aData Processing. aSondhi, Neena.